Anxiety disorders : (Record no. 329991)

000 -LEADER
fixed length control field 01220cam a22003014a 4500
001 - CONTROL NUMBER
control field 12686209
003 - CONTROL NUMBER IDENTIFIER
control field NUST
005 - DATE AND TIME OF LATEST TRANSACTION
control field 20180117090027.0
008 - FIXED-LENGTH DATA ELEMENTS--GENERAL INFORMATION
fixed length control field 020221s2002 sz a b 001 0 eng
010 ## - LIBRARY OF CONGRESS CONTROL NUMBER
LC control number 2002019355
020 ## - INTERNATIONAL STANDARD BOOK NUMBER
International Standard Book Number 3764367024 (alk. paper)
035 ## - SYSTEM CONTROL NUMBER
System control number (DLC) 2002019355
040 ## - CATALOGING SOURCE
Original cataloging agency DLC
Transcribing agency DLC
Modifying agency DLC
042 ## - AUTHENTICATION CODE
Authentication code pcc
050 00 - LIBRARY OF CONGRESS CALL NUMBER
Classification number RC531
Item number .A6128 2002
082 00 - DEWEY DECIMAL CLASSIFICATION NUMBER
Classification number 616.85/223
Edition number 21
245 00 - TITLE STATEMENT
Title Anxiety disorders :
Remainder of title Generalized Anxiety Disorder, Obsessive-Compulsive Disorder and Post-Traumatic Stress disorder
Statement of responsibility, etc. Edited by D. Nutt and J. Ballenger
260 ## - PUBLICATION, DISTRIBUTION, ETC.
Place of publication, distribution, etc. USA
-- USA
Name of publisher, distributor, etc. Blackwell publishing
Date of publication, distribution, etc. c2005.
300 ## - PHYSICAL DESCRIPTION
Extent xix, 242 p. :
Other physical details ill. ;
Dimensions 24 cm.
504 ## - BIBLIOGRAPHY, ETC. NOTE
Bibliography, etc. note Includes bibliographical references and index.
650 #0 - SUBJECT ADDED ENTRY--TOPICAL TERM
Topical term or geographic name entry element Anxiety
General subdivision Treatment.
9 (RLIN) 1915
650 #0 - SUBJECT ADDED ENTRY--TOPICAL TERM
Topical term or geographic name entry element Anxiety
General subdivision Chemotherapy.
9 (RLIN) 1916
700 1# - ADDED ENTRY--PERSONAL NAME
Personal name Emilien, Gérard,
Dates associated with a name 1953-
9 (RLIN) 1917
906 ## - LOCAL DATA ELEMENT F, LDF (RLIN)
a 7
b cbc
c orignew
d 1
e ocip
f 20
g y-gencatlg
942 ## - ADDED ENTRY ELEMENTS (KOHA)
Source of classification or shelving scheme
Koha item type Book
Holdings
Withdrawn status Lost status Source of classification or shelving scheme Damaged status Not for loan Collection code Permanent Location Current Location Shelving location Date acquired Total Checkouts Full call number Barcode Date last seen Price effective from Koha item type
            Central Library (CL) Central Library (CL) General Stacks 06/02/2017   616.85/223 ANX S3H-D-241 03/03/2023 06/02/2017 Book
© 2023 Central Library, National University of Sciences and Technology. All Rights Reserved.